Hincej Šewcej k 65. narodninam
| Titel: | Hincej Šewcej k 65. narodninam |
|---|---|
| Verfasser: | |
| In: |
Rozhlad, Band 42, Heft 2 (1992), Seite 78-79 alle Artikel anzeigen |
| Veröffentlicht: | 1992 |
| Format: | Aufsatz |
| Sprache: | Sorbisch |
X
alg: 39466547 001A $01999:12-11-16 001B $01999:01-06-17 $t17:59:02.000 001D $01999:12-11-16 001U $0utf8 001X $00 002@ $0Aox 003@ $0394665473 007A $0394665473 $aHEB 007T $0Herdww001230 010@ $awen 011@ $a1992 021A $aHincej Šewcej k 65. narodninam 028A $aHajnec $dLucija 031A $d42 $e2 $h78-79 $j1992 039B $aIn $8--Abvc--. Rozhlad. - Bautzen : Domowina, 1950-. - ISSN 0557-4250 $x199200000420002922 $9047452528 lok: 39466547 78 exp: 39466547 78 1 #EPN 201B/01 $011-01-18 $t23:05:33.000 201U/01 $0utf8 203@/01 $0790775964 208@/01 $a12-11-16 $be 209A/01 $a/ $f000 $x00 220C/01 $aTitelaufnehmer: TJ 220C/01 $aHerkunft: IH UWr 244Z/01 $2Trx $#Silesia $#Śląsk $#Sliezsko $#Slezsko $8--Trx--Schlesien $x01 $9391173987 244Z/01 $#Leipzig $#Urbs Lipzi $#Lipzi $#Lejpcig $#Reichsmessestadt Leipzig $#Lipsk $#Lipcse $#Messestadt Leipzig $#Groß-Leipzig $#Lipsia $#Stadt Leipzig $#Leipsic $#Leipzic $#Leyptzick $#Lejpzjg $#Leipsig $#Leipsia $#Gross-Leipzig $#Liptzk $#Leiptzk $#Leyptzigk $#Leipsique $#Leipsick $#Leypsic $#Leipsic $74035206-7 $8--Tg1--Leipzig $x02 $9085094951 244Z/01 $aGeschichte 1927-1992 $x03 244Z/01 $2Trx $#Šewc, Hinc $8--Trx--Schuster-Šewc, Heinz$Z1927- $x04 $9390791741 244Z/01 $aproblematyka łużycka $x05 244Z/01 $2Trx $8--Trx--Zeitschriftenaufsatz $x06 $9391384341 247C/01 $82080>Marburg/Lahn, Herder-Institut, Forschungsbibliothek, Bibliographieportal $9336309341
| LEADER | 00000caa a22000002c 4500 | ||
|---|---|---|---|
| 001 | 394665473 | ||
| 003 | DE-603 | ||
| 005 | 20170601175902.0 | ||
| 007 | tu | ||
| 008 | 161112s1992 xx |||| | u00||u|wen c | ||
| 035 | |a (DE-599)HEB394665473 | ||
| 040 | |a DE-603 |b ger |c DE-603 |d DE-603 | ||
| 041 | |a wen | ||
| 100 | 1 | |a Hajnec, Lucija | |
| 245 | 0 | 0 | |a Hincej Šewcej k 65. narodninam |
| 264 | 0 | |c 1992 | |
| 773 | 0 | 8 | |i In |t Rozhlad |d Bautzen : Domowina, 1950- |h 24 cm |x 0557-4250 |g Band 42, Heft 2 (1992), Seite 78-79 |w (DE-603)047452528 |w (DE-600)280835-3 |
| 924 | 0 | |9 2080 |a (DE-603)790775964 |b DE-2080 |c HES |d d |g / | |


